Normal view
MARC view
- Kehl, George Louis
Entry Personal Name
001 - CONTROL NUMBER
- control field: 44881
003 - CONTROL NUMBER IDENTIFIER
- control field: NUST
005 - DATE AND TIME OF LATEST TRANSACTION
- control field: 20210314133111.0
008 - FIXED-LENGTH DATA ELEMENTS
- fixed length control field: 210314|| aca||aabn | a|a d
040 ## - CATALOGING SOURCE
- Original cataloging agency: NUST
- Transcribing agency: NUST
100 ## - HEADING--PERSONAL NAME
- Personal name: Kehl, George Louis
670 ## - SOURCE DATA FOUND
- Source citation: Work cat.: (NUST): Kehl, George Louis., The principles of metallographic laboratory practice,, 1949.
